000 00701nam a2200277 a 4500
003 AR-BaBNM
005 20251128202940.0
008 082120s2002 ||||||||||||||000 | spa||
040 _cAR-BaBNM
100 1 _aBorda, Guillermo A.
245 0 0 _aTratado de derecho civil
_bcontratos
_n1
250 _a4ª ed. aum. y corr.
260 _aBuenos Aires
_bPerrot
_c1979
300 _a799 p.
500 _aIndice p. 777-799
504 _aContiene bibliografía a pie de página
650 4 _aDERECHO CIVIL
650 4 _aCONTRATOS
650 4 _aOBLIGACIONES
650 4 _aCOMPRA
650 4 _aVENTAS
650 4 _aALQUILER
650 4 _aLEGISLACION ARGENTINA
942 _cBK
998 _cAndrea
999 _c1251
_d1251